|
|
|
|
| LEADER |
00000nab a2200000uu 4500 |
| 001 |
vtls011497668 |
| 003 |
SK-MaSNL |
| 005 |
20260304013355.0 |
| 008 |
240911|1999 xo |||||||||||||||||slo| |
| 015 |
|
|
|a SNBRB
|
| 035 |
|
|
|a (urnnbn)urn:nbn:sk:snk:ar-001frj
|
| 035 |
|
|
|a (uuid)06b36af0-b709-40ff-8849-ff8473366ee0
|
| 035 |
|
|
|a urn:nbn:sk:snk-abdsvx
|
| 040 |
|
|
|a SNKBUCL
|b slo
|c SNKBUCL
|e AACR2
|
| 041 |
0 |
|
|a slo
|
| 044 |
|
|
|a xo
|c SK
|
| 100 |
1 |
|
|a Horváth, Karol D.,
|d 1961-
|4 aut
|9 105062
|
| 245 |
1 |
0 |
|a BEDEKER :
|b (alebo stručný sprievodca svetom ochotníckeho divadla - ako byt úspešný rýchlo a bez námahy)
|c Karol Horváth
|
| 773 |
0 |
|
|t Javisko
|g Roč. 31, č. 4 (1999), s. 24-25
|
| 958 |
|
|
|a OND
|
| 958 |
|
|
|a EUIPO
|
| 958 |
|
|
|a article20
|
| 999 |
|
|
|c 2575559
|d 2577489
|